| 000 | 01430cam a22003854a 4500 | ||
|---|---|---|---|
| 001 | 14139643 | ||
| 005 | 20240818092941.0 | ||
| 008 | 051013s2011 njua |r 001 0deng | ||
| 010 | _a 2005056261 | ||
| 015 |
_aGBA612397 _2bnb |
||
| 020 | _a0470505788 | ||
| 020 | _a9780470505786 | ||
| 035 | _a(OCoLC)ocm62089996 | ||
| 040 |
_aDLC _cDLC _dBAKER _dUKM _dC#P _dDLC |
||
| 042 | _apcc | ||
| 050 | 0 | 0 |
_aQA276.12 _b.M645 2007 |
| 082 | 0 | 0 |
_a519.5 _222 _bMON |
| 100 | 1 |
_aMontgomery, Douglas C. _925469 |
|
| 245 | 1 | 0 |
_aApplied Statistics and Probability for Engineers / _cDouglas C. Montgomery, George C. Runger. |
| 250 | _a5th ed. | ||
| 260 |
_aHoboken, NJ : _bJohn Wiley & Sons, 2011, _c2011 |
||
| 300 |
_axvi, 768 p. : _bill. ; _c27 cm. |
||
| 504 | _aIncludes bibliographical references (p.749-750) and index | ||
| 650 | 0 |
_aStatistics. _925470 |
|
| 650 | 0 |
_aProbabilities. _925471 |
|
| 653 |
_bGen _cJune2011 |
||
| 700 | 1 |
_aRunger, George C. _925472 |
|
| 856 | 4 | 2 |
_3Publisher description _uhttp://www.loc.gov/catdir/enhancements/fy0626/2005056261-d.html |
| 856 | 4 | 1 |
_3Table of contents _uhttp://www.loc.gov/catdir/enhancements/fy0626/2005056261-t.html |
| 942 |
_2ddc _cBB _hRDA-MOD |
||
| 999 |
_c15623 _d15623 |
||
| 336 |
_2rdacontent _atext _btxt |
||
| 337 |
_aunmediated _2rdamedia _bn |
||
| 338 |
_avolume _bnc _2rdacarrier |
||